000 00453nam a2200181Ia 4500
003 GCL
008 140319s9999 xx 000 0 eng d
040 _aGCL /
_cGCL
082 0 4 _a657.1
_bW A
100 1 _aWEYGANDT, SERKY
245 1 0 _aACCOUNTING PRINCIPLES /
_cWEYGANDT, SERKY
700 1 _aKIESO.DONALD
260 _a[S.N] :
_bSOHN WILEY AND SONS ،
_c1993
300 _a1154
650 0 4 _aMANAGEMENT
650 0 4 _aACCOUNTING
942 _2ddc
_cBK
999 _c16677
_d16677